[Event "Leuven GCT blitz"]
[Site "Leuven"]
[Date "2017.07.01"]
[Round "5"]
[White "Kramnik, Vladimir"]
[Black "Jobava, Baadur"]
[Result "1-0"]
[WhiteElo "2808"]
[BlackElo "2707"]
[PlyCount "131"]
[EventDate "2017.07.01"]
[EventType "tourn (blitz)"]
[EventRounds "18"]
[EventCountry "BEL"]
[EventCategory "22"]
[SourceTitle "CBM 179"]
[Source "ChessBase"]
[SourceDate "2017.07.12"]
[SourceVersion "1"]
[SourceVersionDate "2017.07.12"]
[SourceQuality "1"]

1. Nf3 d5 2. g3 c6 3. Bg2 Bg4 4. O-O e6 5. d3 Bd6 6. h3 Bh5 7. c4 ({RR} 7. Nbd2 Ne7 8. e4 O-O 9. Re1 a5 10. a4 Nd7 11. Qe2 Re8 12. g4 Bg6 13. e5 Bc7 14. Nf1 c5 15. c3 Nc6 16. Bf4 f6 17. d4 cxd4 18. cxd4 fxe5 19. dxe5 Rf8 20. Bg3 Nc5 21. Nh4 Be4 {Budrewicz,K (2185)-Zhigalko,S (2572) chess.com INT 2025 0-1 (33)}) ({RR} 7. e4 Ne7 8. Qe1 O-O 9. Nc3 Nd7 10. Kh1 Re8 11. g4 Bg6 12. Nh4 dxe4 13. dxe4 e5 14. Be3 Bc5 15. Rd1 Bxe3 16. Qxe3 Qc7 17. Nf5 Nf8 18. f4 exf4 19. Qxf4 Qxf4 20. Rxf4 Nc8 21. Rf2 Nb6 {Kramnik,V (2753)-Dreev,A (2677) Moscow 2019 ½-½ (48)}) 7... Ne7 8. Nc3 O-O 9. Qb3 $146 ({RR} 9. g4 Bg6 10. Nh4 Nd7 11. e4 dxc4 12. dxc4 Qc7 13. f4 f6 14. Nxg6 Nxg6 15. Qf3 e5 16. f5 Nf4 17. Ne2 Rad8 18. h4 Rfe8 19. g5 Bc5+ 20. Kh1 Nxe2 21. Qxe2 Kh8 22. h5 fxg5 23. Bxg5 Be7 {Khruschiov,A (2350)-Zhigalko,S (2572) chess.com INT 2023 0-1 (40)}) ({RR} 9. cxd5 cxd5 10. a3 Nd7 11. Bd2 Rc8 12. Rc1 Qb6 13. b4 Nc6 14. g4 Bg6 15. Nh4 Qd8 16. Nxg6 hxg6 17. e3 Nde5 18. Qe2 g5 19. h4 gxh4 20. f4 Ng6 21. d4 Bb8 22. Na4 b6 23. Nb2 Qd6 {Howell,D (2696)-Adams,M (2703) London 2018 ½-½ (45)}) 9... Nd7 10. d4 Qb6 11. Rd1 Qxb3 12. axb3 Bxf3 13. Bxf3 f5 14. e3 a6 15. Bd2 Nf6 16. Be1 g5 17. Be2 h5 18. f3 g4 19. hxg4 hxg4 20. fxg4 fxg4 21. Kg2 Nf5 22. Bf2 Kg7 23. Rh1 Rh8 24. Bd3 Rxh1 25. Rxh1 Bb4 26. Ne2 Ne4 27. Nf4 Re8 28. Rh5 Bd6 29. Bxe4 dxe4 30. Nxe6+ Kg6 31. Rg5+ Kh6 32. Rxf5 Rxe6 33. Rf7 Be7 34. d5 cxd5 35. cxd5 Re5 36. d6 Bg5 37. Rxb7 Rd5 38. d7 Kg6 39. Kf1 Kf5 40. Ke2 Ke6 41. Rb4 Kf5 42. Rb7 Ke6 43. Ra7 Rxd7 44. Rxa6+ Rd6 45. Ra4 Rb6 46. Be1 Rxb3 47. Bc3 Kf5 48. Ra5+ Kg6 49. Re5 Rb7 50. Rxe4 Kh5 51. b4 Rc7 52. Kd3 Rd7+ 53. Rd4 Rf7 54. Re4 Rf3 55. Be5 Rf1 56. b5 Rb1 57. Kc4 Bd8 58. Rd4 Bb6 59. Rd5 Rc1+ 60. Kd3 Kg6 61. Bd4 Bxd4 62. Rxd4 Kf5 63. Rb4 Rd1+ 64. Ke2 Rd7 65. b6 Rb7 66. Kd3 1-0

[Event "Leuven GCT blitz"]
[Site "Leuven"]
[Date "2017.07.02"]
[Round "13"]
[White "Vachier Lagrave, Maxime"]
[Black "So, Wesley"]
[Result "1-0"]
[WhiteElo "2796"]
[BlackElo "2812"]
[PlyCount "115"]
[EventDate "2017.07.01"]
[EventType "tourn (blitz)"]
[EventRounds "18"]
[EventCountry "BEL"]
[EventCategory "22"]
[SourceTitle "CBM 179"]
[Source "ChessBase"]
[SourceDate "2017.07.12"]
[SourceVersion "1"]
[SourceVersionDate "2017.07.12"]
[SourceQuality "1"]

1. b3 d5 2. e3 Bf5 3. Bb2 e6 4. Nf3 Nf6 5. Be2 h6 6. O-O Bd6 7. c4 O-O 8. Nc3 c6 9. d3 Qe7 10. a3 Nbd7 11. b4 Rad8 $146 ({RR} 11... Rfe8 12. Re1 Rad8 13. Rc1 dxc4 14. dxc4 Ne5 15. Nd4 c5 16. Nxf5 exf5 17. Qa4 cxb4 18. axb4 Bxb4 19. Qxa7 f4 20. Qa1 fxe3 21. fxe3 Nd3 22. Bxd3 Rxd3 23. e4 Bc5+ 24. Kh1 Ng4 {0-1 (24) Wesslen,U (2118)-Ziegler,A (2402) Manhem 1999}) 12. Qb3 a6 13. Rad1 Rfe8 14. Rfe1 Ne5 15. Nd4 Bg4 16. f4 Ng6 17. Bxg4 Nxg4 18. h3 Nf6 19. Nf3 Bb8 20. Rf1 e5 21. f5 Nf8 22. e4 N8h7 23. Bc1 dxe4 24. dxe4 Ba7+ 25. c5 b6 26. cxb6 Bxb6+ 27. Kh2 Bd4 28. Rde1 c5 29. Bd2 Rb8 30. Nxd4 cxd4 31. Nd1 a5 32. Nf2 axb4 33. axb4 Qb7 34. Qd3 Re7 35. Rc1 Ng5 36. Rfe1 Rc7 37. Rxc7 Qxc7 38. h4 Ngh7 39. Rc1 Qb7 40. g4 Qb5 41. Qxb5 Rxb5 42. Rc8+ Nf8 43. g5 hxg5 44. hxg5 N6d7 45. Nd3 f6 46. g6 Rb7 47. Kg2 Nb6 48. Rc6 Nfd7 49. Nc5 Rb8 50. Nxd7 Nxd7 51. Rc7 Nb6 52. Kf3 Rc8 53. Rxc8+ Nxc8 54. b5 Kf8 55. Bb4+ Ke8 56. Bc5 Kd7 57. Bf8 Nd6 58. Bxg7 1-0

[Event "NED-ch playoff"]
[Site "Amsterdam"]
[Date "2017.07.02"]
[Round "2"]
[White "Van Wely, Loek"]
[Black "Ernst, Sipke"]
[Result "1-0"]
[WhiteElo "2675"]
[BlackElo "2522"]
[PlyCount "93"]
[EventDate "2017.07.02"]
[EventType "match (blitz)"]
[EventRounds "2"]
[EventCountry "NED"]
[SourceTitle "CBM 179 Extra"]
[Source "ChessBase"]
[SourceDate "2017.08.23"]
[SourceVersion "1"]
[SourceVersionDate "2017.08.23"]
[SourceQuality "1"]

1. Nf3 d5 2. g3 Bg4 3. Bg2 Nd7 4. c4 dxc4 5. Na3 c6 6. Nxc4 Ngf6 7. Qb3 ({RR} 7. d3 e6 8. O-O Be7 9. Qb3 Nc5 10. Qc2 Nd5 11. a3 O-O 12. b4 Nd7 13. d4 f5 14. Re1 Kh8 15. Bb2 f4 16. Qb3 a6 17. Nfd2 Qe8 18. e4 fxe3 19. Nxe3 Nxe3 20. Rxe3 Qf7 21. Rf1 Nb6 {Vitiugov,N (2734)-Najer,E (2633) Ekaterinburg 2013 ½-½ (80)}) 7... Be6 8. Qc2 g6 $146 ({RR} 8... Bd5 9. d3 e6 10. O-O Be7 11. Bf4 O-O 12. e4 Bxc4 13. Qxc4 Qa5 14. a3 Rfd8 15. h3 Nb6 16. Qc2 Qb5 17. Rfd1 a5 18. Bf1 a4 19. d4 Qa5 20. Rac1 Rac8 21. Bd2 Qa7 22. Be3 Qa5 23. Bd2 {Spirin,O (2464)-Simacek,P (2454) Czech Republic 2016 0-1 (110)}) 9. O-O Bg7 10. d4 Bd5 11. Bf4 O-O 12. Rfd1 Be4 13. Qd2 Bd5 14. Rac1 a5 15. a3 Ra6 16. h3 Qa8 17. g4 Rd8 18. Bg3 Ne4 19. Qf4 Nxg3 20. Qxg3 Qb8 21. Qh4 Bf6 22. g5 Bg7 23. Ne3 Bb3 24. Rd3 a4 25. Ng4 Ra5 26. Re3 Qd6 27. Nh6+ Kh8 28. Rxb3 Bxh6 29. Rxb7 Bg7 30. Qe4 Rc8 31. e3 Kg8 32. h4 h6 33. Rc4 hxg5 34. hxg5 Rf5 35. Bh3 e6 36. Bxf5 gxf5 37. Qf4 Qd5 38. Rxa4 Nc5 39. Ra5 Nxb7 40. Rxd5 cxd5 41. Ne5 Nd6 42. g6 f6 43. Nd3 Ne4 44. b4 Rc3 45. Nc5 Ng5 46. Qb8+ Bf8 47. Nd7 1-0

[Event "RUS-ch Higher League 70th"]
[Site "Sochi"]
[Date "2017.07.05"]
[Round "4"]
[White "Rakhmanov, Alexander"]
[Black "Sarana, Alexey"]
[Result "1-0"]
[WhiteElo "2670"]
[BlackElo "2510"]
[PlyCount "117"]
[EventDate "2017.07.02"]
[EventType "swiss"]
[EventRounds "9"]
[EventCountry "RUS"]
[SourceTitle "CBM 180"]
[Source "ChessBase"]
[SourceDate "2017.09.13"]
[SourceVersion "1"]
[SourceVersionDate "2017.09.13"]
[SourceQuality "1"]

1. Nf3 Nf6 2. c4 g6 3. b3 Bg7 4. Bb2 O-O 5. g3 c5 6. Bg2 Nc6 7. O-O d5 8. cxd5 Nxd5 9. Bxg7 Kxg7 10. d4 cxd4 11. Nxd4 Nxd4 12. Qxd4+ Nf6 13. Qe5 Be6 14. Bxb7 Qb8 ({RR} 14... Rb8 15. Bf3 h5 16. h4 Rc8 17. Nc3 Qb6 18. Na4 Qb4 19. Rac1 Kg8 20. Rfd1 Rfd8 21. Rxd8+ Rxd8 22. Qe3 Qa3 23. Nc5 Rd6 24. Nxe6 Rxe6 25. Qh6 Qa6 26. Rd1 Rd6 27. Rxd6 Qxd6 28. Qe3 Qa3 29. Qd2 {Anton Guijarro,D (2670)-Makridis,D (2328) chess.com INT 2024 1-0 (52)}) 15. Qxb8 Raxb8 16. Ba6 Nd5 $146 ({RR} 16... Rb6 17. Bd3 Nd5 18. Rc1 Nb4 19. Be4 Rd8 20. a3 Nd5 21. Bxd5 Rxd5 22. b4 Rbd6 23. Nc3 Re5 24. Rd1 Bc4 25. Rxd6 exd6 26. e3 Kf6 27. Rd1 Ke7 28. Rd4 Be6 29. e4 a5 30. f4 Rh5 31. b5 {Sathish,P (2415)-Ljubarov,M (2305) chess.com INT 2023 1-0 (42)}) ({RR} 16... Rb6 17. Bd3 Nd5 18. Rc1 Nb4 19. Be4 Rd8 20. a3 Nd5 21. Bxd5 Rxd5 22. b4 Rbd6 23. Nc3 Re5 24. Rd1 Bc4 25. Rxd6 exd6 26. e3 Kf6 27. Rd1 Ke7 28. Rd4 Be6 29. e4 a5 30. f4 Rh5 31. b5 {Sathish,P (2415)-Ljubarov,M (2305) chess.com INT 2023 1-0 (42)}) 17. Bc4 Rfd8 18. Rc1 Rb6 19. Bxd5 Rxd5 20. Nc3 Rd2 21. Rd1 Rc2 22. Rac1 Rb2 23. Kf1 Rd6 24. Ke1 Bf5 25. Rxd6 exd6 26. Ra1 h5 27. Nd1 Rc2 28. Ne3 Rb2 29. Nd1 Rc2 30. Ne3 Rb2 31. Nc4 Rc2 32. Kd1 d5 33. Ne3 Rc6 34. Rc1 Ra6 35. Nxf5+ gxf5 36. a4 Rb6 37. Kc2 f4 38. Rd1 fxg3 39. hxg3 Rc6+ 40. Kb2 Rf6 41. f4 Re6 42. Rxd5 Rxe2+ 43. Kc3 Re3+ 44. Kc4 Rxg3 45. Rxh5 Rf3 46. Ra5 Rxf4+ 47. Kc3 Rf3+ 48. Kb4 Rf4+ 49. Ka3 Kf6 50. Rxa7 Ke6 51. a5 Kd6 52. b4 Kc6 53. Ka4 Rf5 54. Re7 Rf1 55. b5+ Kd6 56. Rb7 f5 57. b6 f4 58. Kb5 f3 59. Rf7 1-0

[Event "GRE-chT 45th"]
[Site "Achaia"]
[Date "2017.07.06"]
[Round "5.2"]
[White "David, Alberto"]
[Black "Mastrovasilis, Dimitrios"]
[Result "1-0"]
[WhiteElo "2567"]
[BlackElo "2602"]
[PlyCount "83"]
[EventDate "2017.07.03"]
[EventType "team-swiss"]
[EventRounds "7"]
[EventCountry "GRE"]
[SourceTitle "CBM 179 Extra"]
[Source "ChessBase"]
[SourceDate "2017.08.23"]
[SourceVersion "1"]
[SourceVersionDate "2017.08.23"]
[SourceQuality "1"]
[WhiteTeam "Chania ADA"]
[BlackTeam "Thessaloniki HS"]
[WhiteTeamCountry "GRE"]
[BlackTeamCountry "GRE"]

1. Nf3 d5 2. g3 c6 3. Bg2 Bf5 4. O-O e6 5. d3 Nf6 6. Nh4 Bg4 7. h3 Bh5 8. f4 Be7 9. Qe1 Nfd7 10. Nf3 Qb6+ ({RR} 10... f5 11. e4 Bxf3 12. Bxf3 O-O 13. Nc3 fxe4 14. dxe4 d4 15. Nd1 e5 16. Nf2 c5 17. Qe2 Nc6 18. Bg4 Kh8 19. Be6 exf4 20. gxf4 g5 21. Ng4 gxf4 22. Bxf4 Qe8 23. e5 Bh4 24. Bc4 Qg6 25. Kh1 {Kramnik,V (2808)-Adhiban,B (2671) Baku 2016 1-0 (46)}) ({RR} 10... O-O 11. Nbd2 f5 12. e4 dxe4 13. dxe4 Nc5 14. Kh2 Nba6 15. a3 Nc7 16. b4 Na4 17. Nb3 fxe4 18. Ne5 Bf6 19. Qxe4 Nd5 20. Bd2 Qc7 21. Rae1 Rae8 22. c4 Ndb6 23. Na5 Nd7 24. Qc2 Nab6 25. Ng4 {Khotenashvili,B (2420)-Gaponenko,I (2346) Monaco MNC 2025 1-0 (58)}) 11. Kh1 Bxf3 12. Bxf3 $146 ({RR} 12. Rxf3 a5 13. Nc3 a4 14. a3 Nc5 15. e4 dxe4 16. dxe4 Nbd7 17. e5 Qc7 18. Be3 Nb6 19. Qf2 Ra5 20. b4 axb3 21. cxb3 Nd5 22. Nxd5 cxd5 23. b4 Ne4 24. Qb2 Ra8 25. Rc1 Qd7 26. Bd4 O-O {Bjerre,J (2648)-Pham Le Thao Nguyen (2380) chess.com INT 2024 ½-½ (50)}) ({RR} 12. Rxf3 a5 13. Nc3 a4 14. a3 Nc5 15. e4 dxe4 16. dxe4 Nbd7 17. e5 Qc7 18. Be3 Nb6 19. Qf2 Ra5 20. b4 axb3 21. cxb3 Nd5 22. Nxd5 cxd5 23. b4 Ne4 24. Qb2 Ra8 25. Rc1 Qd7 26. Bd4 O-O {Bjerre,J (2648)-Pham Le Thao Nguyen (2380) chess.com INT 2024 ½-½ (50)}) 12... h5 13. e4 dxe4 14. Qxe4 Nf6 15. Qe2 Nbd7 16. Nd2 Qc7 17. Nc4 Nd5 18. Bg2 Bf6 19. a4 N5b6 20. Nd2 Nc8 21. f5 e5 22. a5 a6 23. d4 Nd6 24. dxe5 Bxe5 25. Nf3 f6 26. Nd4 Nf8 27. Bf4 O-O-O 28. Bxe5 fxe5 29. Qxe5 Nc4 30. Qxc7+ Kxc7 31. Rf4 Ne3 32. Re1 Nxg2 33. Kxg2 Rh6 34. Re7+ Rd7 35. Re8 c5 36. Nb3 Rf6 37. Nxc5 Rd2+ 38. Kf3 Rxc2 39. Ne4 Rf7 40. Ng5 Kd7 41. Rb8 Rf6 42. Rd4+ 1-0

[Event "GRE-chT 45th"]
[Site "Achaia"]
[Date "2017.07.06"]
[Round "5.1"]
[White "Sethuraman, SP."]
[Black "Halkias, Stelios"]
[Result "1-0"]
[WhiteElo "2625"]
[BlackElo "2586"]
[PlyCount "183"]
[EventDate "2017.07.03"]
[EventType "team-swiss"]
[EventRounds "7"]
[EventCountry "GRE"]
[SourceTitle "CBM 179 Extra"]
[Source "ChessBase"]
[SourceDate "2017.08.23"]
[SourceVersion "1"]
[SourceVersionDate "2017.08.23"]
[SourceQuality "1"]
[WhiteTeam "Kavalas CN"]
[BlackTeam "Nice Fysiolatris"]
[WhiteTeamCountry "GRE"]
[BlackTeamCountry "GRE"]

1. Nf3 Nf6 2. g3 d5 3. Bg2 c6 4. O-O Bg4 5. h3 Bxf3 6. Bxf3 g6 ({RR} 6... e5 7. d3 Nbd7 8. e4 dxe4 9. dxe4 Nc5 10. Nd2 Be7 11. Qe2 O-O 12. Rd1 Qc8 13. h4 Rd8 14. Re1 Ne6 15. Nb3 a5 16. a4 b5 17. c3 Qb7 18. Qc2 bxa4 19. Rxa4 Qb5 20. Ra2 a4 21. Nd2 {Karjakin,S (2770)-Kramnik,V (2760) Sochi 2014 1-0 (36)}) 7. c4 ({RR} 7. d3 Bg7 8. a4 a5 9. c3 O-O 10. Qc2 Re8 11. e4 e5 12. exd5 Nxd5 13. Nd2 Nd7 14. h4 Nc5 15. Ne4 Qb6 16. h5 Nb3 17. Rb1 Nxc1 18. hxg6 hxg6 19. Rbxc1 Rad8 20. Rce1 Nf6 21. Nd2 Nd7 {Daneshvar,B (2597)-Volkov,S (2438) Moscow RUS 2024 ½-½}) 7... e6 $146 ({RR} 7... dxc4 8. Na3 Bg7 9. Nxc4 O-O 10. Qb3 Qc8 11. d4 b5 12. Ne5 Qxh3 13. Bg5 a6 14. Rfc1 Ra7 15. a4 e6 16. e4 Rb7 17. Qe3 Nbd7 18. Qe2 h6 19. Nxd7 hxg5 20. Nxf8 Bxf8 21. Rxc6 Nd7 22. e5 {Mozes,E (2410)-Steiner,B (2175) Harkany 1994 1-0}) 8. cxd5 cxd5 9. Qb3 Qd7 10. d4 Nc6 11. Rd1 Bg7 12. Nc3 O-O 13. Bg2 Rfc8 14. e3 Ne8 15. Bd2 Nd6 16. Be1 Rab8 17. Rac1 b5 18. Ne2 a5 19. Qd3 Nc4 20. Qb1 Bf8 21. Nf4 Nb4 22. b3 Nd6 23. Bf1 Ne4 24. Bg2 Nd6 25. Bf1 Ne4 26. Qb2 Bd6 27. f3 Nf6 28. Kg2 h5 29. Nd3 Nxd3 30. Bxd3 a4 31. Qe2 axb3 32. axb3 b4 33. Ra1 Qe7 34. Ra6 Ra8 35. Rda1 Rxa6 36. Bxa6 Rc7 37. Bd3 Kg7 38. Ra4 Nd7 39. Bd2 Qg5 40. Qe1 Qe7 41. Bxb4 Rb7 42. Bxd6 Qxd6 43. b4 Nb6 44. Ra6 Qb8 45. Ra2 Nc8 46. Rb2 Ra7 47. b5 Nb6 48. Qe2 Qa8 49. e4 Ra3 50. Rc2 Qd8 51. Rc6 dxe4 52. Qxe4 Nd5 53. Qe5+ Nf6 54. Bc4 Qa5 55. Qe2 Qd8 56. Qb2 Ra8 57. b6 Nd5 58. b7 Rb8 59. Bxd5 Qxd5 60. Rc7 g5 61. Kf2 h4 62. gxh4 gxh4 63. Qb4 Qg5 64. Rc8 Rxb7 65. Qf8+ Kg6 66. Qg8+ Kh5 67. Qh8+ Qh6 68. Qe5+ f5 69. Rh8 Rh7 70. Rxh7 Qxh7 71. Qxe6 Kg5 72. f4+ Kh5 73. Ke3 Qb7 74. Qxf5+ Kh6 75. Qg5+ Kh7 76. Qxh4+ Kg6 77. Qg5+ Kf7 78. Qf5+ Kg7 79. Qe5+ Kg8 80. d5 Qb3+ 81. Kf2 Qc2+ 82. Kg3 Qd3+ 83. Kh4 Qf3 84. Qg5+ Kf8 85. d6 Qf2+ 86. Kh5 Qe2+ 87. Kg6 Qe8+ 88. Kf5 Qb5+ 89. Kf6 Qb7 90. Qh6+ Kg8 91. Qg6+ Kf8 92. Qf5 1-0

[Event "Leon 30th"]
[Site "Leon"]
[Date "2017.07.09"]
[Round "2.5"]
[White "So, Wesley"]
[Black "Anand, Viswanathan"]
[Result "1-0"]
[WhiteElo "2810"]
[BlackElo "2783"]
[PlyCount "45"]
[EventDate "2017.07.07"]
[EventType "k.o. (rapid)"]
[EventRounds "2"]
[EventCountry "ESP"]
[SourceTitle "CBM 180"]
[Source "ChessBase"]
[SourceDate "2017.09.13"]
[SourceVersion "1"]
[SourceVersionDate "2017.09.13"]
[SourceQuality "1"]

1. Nf3 d5 2. g3 c5 3. Bg2 Nf6 4. O-O g6 5. c4 dxc4 6. Qa4+ Bd7 ({RR} 6... Nbd7 7. Qxc4 Bg7 8. d3 O-O 9. a4 b6 10. Ng5 Rb8 11. Bf4 e5 12. Bd2 Bb7 13. Bxb7 Rxb7 14. Nc3 h6 15. Nge4 Ne8 16. a5 Nc7 17. Nd6 Rb8 18. a6 Nf6 19. Ndb5 Nxb5 20. Nxb5 Qd7 21. Bc3 {Sjugirov,S (2712)-Firouzja,A (2785) chess.com INT 2022 0-1 (45)}) ({RR} 6... Nbd7 7. Qxc4 Bg7 8. Nc3 O-O 9. Rd1 a6 10. Qh4 e5 11. d3 Rb8 12. Bg5 Qb6 13. Nd2 Qxb2 14. Nde4 Nxe4 15. Nxe4 f6 16. Be3 Qxe2 17. Nd6 Kh8 18. Qc4 h6 19. Qe6 Nb6 20. Nxc8 Nxc8 21. Bxc5 {Fedorov,A (2443)-Tsaruk,M (2480) Minsk BLR 2024 0-1 (44)}) 7. Qxc4 Qb6 8. Nc3 $146 ({RR} 8. d3 Bg7 9. Qc2 O-O 10. Nc3 Na6 11. a3 Rac8 12. Ne5 Be6 13. Nc4 Bxc4 14. dxc4 Rfd8 15. Bf4 Nb8 16. Rfd1 Nc6 17. Rxd8+ Rxd8 18. Na4 Qa5 19. Bxc6 bxc6 20. Be3 Ng4 21. Bxc5 Rd2 22. Qe4 Qxa4 {Kovar,V-Kuchar,J Svetla nad Sazavou 1997 ½-½}) 8... Bg7 9. d3 O-O 10. Be3 Rc8 11. Rab1 Be6 12. Qh4 Qa6 13. Ng5 Nbd7 14. Nxe6 fxe6 15. Qc4 Qxc4 16. dxc4 Rab8 17. Rfd1 Ne5 18. b3 b6 19. Nb5 a6 20. Bf4 Nfg4 21. Na7 Rc7 22. Nc6 Rbc8 23. Nd8 1-0

[Event "Bandar e Anzali Stars Cup blitz 2nd"]
[Site "Bandar e Anzali"]
[Date "2017.07.11"]
[Round "2.7"]
[White "Maghsoodloo, Parham"]
[Black "Van Wely, Loek"]
[Result "1-0"]
[WhiteElo "2584"]
[BlackElo "2675"]
[PlyCount "63"]
[EventDate "2017.07.11"]
[EventType "team-schev (blitz)"]
[EventRounds "7"]
[EventCountry "IRI"]
[SourceTitle "CBM 179 Extra"]
[Source "ChessBase"]
[SourceDate "2017.08.23"]
[SourceVersion "1"]
[SourceVersionDate "2017.08.23"]
[SourceQuality "1"]
[WhiteTeam "Iran Stars"]
[BlackTeam "World Stars"]
[WhiteTeamCountry "IRI"]

1. Nf3 Nf6 2. g3 d5 3. Bg2 Bf5 4. O-O e6 5. d3 h6 6. Nbd2 Be7 7. b3 O-O 8. Bb2 c5 9. Re1 Nc6 10. e4 Bh7 11. Ne5 ({RR} 11. exd5 exd5 12. Ne5 Bd6 13. Nxc6 bxc6 14. Qf3 Bg6 15. Bxf6 Qxf6 16. Qxf6 gxf6 17. Bh3 Be5 18. Rad1 Bc3 19. Bd7 Bh5 20. f3 Rfd8 21. Bxc6 Rac8 22. Bb5 Rb8 23. Ba4 Kf8 24. Kg2 Rb6 25. Re2 Re6 {Anton Guijarro,D (2674)-Robson,R (2670) chess24.com INT 2020 1-0 (56)}) ({RR} 11. Qe2 d4 12. h4 e5 13. a4 Qc7 14. Nc4 b6 15. Nh2 a6 16. a5 b5 17. Nb6 Rad8 18. Nd5 Nxd5 19. exd5 Nb4 20. Ng4 f6 21. f4 Nxd5 22. fxe5 fxe5 23. Qxe5 Qxe5 24. Rxe5 h5 25. Bxd5+ Rxd5 {Moldovan,A (2140)-Peed,G (1818) chess.com INT 2025 1-0 (57)}) ({RR} 11. exd5 exd5 12. Ne5 Re8 13. Qf3 Nd4 14. Bxd4 cxd4 15. Qf4 Bb4 16. Nef3 Qa5 17. a3 Bc3 18. Rad1 Rxe1+ 19. Rxe1 Qxa3 20. Re2 Qc1+ 21. Bf1 Rc8 22. h4 Bg6 23. g4 h5 24. gxh5 Bxh5 25. Kg2 Bxf3+ {Czebe,A (2411)-Van Wely,L (2654) Rabat 2014 0-1}) 11... Nxe5 12. Bxe5 Rc8 13. a4 $146 ({RR} 13. exd5 Nxd5 14. Qg4 Bf6 15. Bxd5 exd5 16. Nf1 Rc6 17. Bxf6 Rxf6 18. Re5 Re8 19. Rae1 Ree6 20. Rxe6 fxe6 21. Ne3 Qa5 22. Qe2 Bf5 23. Nxf5 exf5 24. Qe8+ Kh7 25. Re7 Qxa2 26. Qd7 Qa1+ 27. Kg2 Rf8 {Hollan,P (2303)-Horak,J (2072) Ceske Budejovice 2021 1-0 (39)}) ({RR} 13. exd5 Nxd5 14. Qg4 Bf6 15. Bxd5 exd5 16. Nf1 Rc6 17. Bxf6 Rxf6 18. Re5 Re8 19. Rae1 Ree6 20. Rxe6 fxe6 21. Ne3 Qa5 22. Qe2 Bf5 23. Nxf5 exf5 24. Qe8+ Kh7 25. Re7 Qxa2 26. Qd7 Qa1+ 27. Kg2 Rf8 {Hollan,P (2303)-Horak,J (2072) Ceske Budejovice 2021 1-0 (39)}) 13... b6 14. h3 Re8 15. f4 a6 16. Qe2 b5 17. axb5 axb5 18. c4 bxc4 19. bxc4 dxe4 20. dxe4 Nd7 21. Bc3 Nb8 22. e5 Nc6 23. Ne4 Nd4 24. Qf2 Rb8 25. Red1 Bxe4 26. Bxe4 Rb3 27. Bxd4 cxd4 28. Ra8 Rb8 29. Rxb8 Qxb8 30. Qxd4 Qb4 31. Kg2 Rd8 32. Qxd8+ 1-0